<?xml version="1.0" encoding="UTF-8"?>
<collection xmlns="http://www.loc.gov/MARC21/slim">
 <record>
  <leader>03428nam a22003737a 4500</leader>
  <controlfield tag="001">NCT_50997</controlfield>
  <controlfield tag="008">180920b        xxu||||| |||| 00| 0 vie d</controlfield>
  <datafield tag="999" ind1=" " ind2=" ">
   <subfield code="c">2436</subfield>
   <subfield code="d">2436</subfield>
  </datafield>
  <datafield tag="020" ind1=" " ind2=" ">
   <subfield code="c">30000</subfield>
  </datafield>
  <datafield tag="082" ind1="0" ind2="4">
   <subfield code="2">23rd ed.</subfield>
   <subfield code="a">339</subfield>
   <subfield code="b">K312T</subfield>
  </datafield>
  <datafield tag="245" ind1="1" ind2="0">
   <subfield code="a">Kinh tế học vĩ mô :</subfield>
   <subfield code="b">Giáo trình dùng trong các trường đại học, cao đẳng khối kinh tê </subfield>
   <subfield code="c">Bộ Giáo dục và Đào tạo</subfield>
  </datafield>
  <datafield tag="250" ind1=" " ind2=" ">
   <subfield code="a">Tái bản lần thứ 12</subfield>
  </datafield>
  <datafield tag="260" ind1=" " ind2=" ">
   <subfield code="a">H.</subfield>
   <subfield code="b">Giáo dục Việt Nam</subfield>
   <subfield code="c">2013</subfield>
  </datafield>
  <datafield tag="300" ind1=" " ind2=" ">
   <subfield code="a">230 tr.</subfield>
   <subfield code="b">hình vẽ, bảng</subfield>
   <subfield code="c">21cm</subfield>
  </datafield>
  <datafield tag="520" ind1="3" ind2=" ">
   <subfield code="a">Nội dung sách trình bày: đại cương kinh tế học; khái quát về kinh tế học vĩ mô; tổng sản phẩm và thu nhập quốc dân; tổng cầu và chính sách tài hóa; tiền tệ và chính sách tiền tệ; tổng cung và các chu kỳ kinh doanh;...</subfield>
  </datafield>
  <datafield tag="653" ind1=" " ind2=" ">
   <subfield code="a">Quản trị kinh doanh</subfield>
  </datafield>
  <datafield tag="710" ind1="2" ind2=" ">
   <subfield code="a">Bộ Giáo dục và Đào tạo</subfield>
  </datafield>
  <datafield tag="942" ind1=" " ind2=" ">
   <subfield code="2">ddc</subfield>
   <subfield code="c">BK</subfield>
  </datafield>
  <datafield tag="952" ind1=" " ind2=" ">
   <subfield code="0">0</subfield>
   <subfield code="1">0</subfield>
   <subfield code="2">ddc</subfield>
   <subfield code="4">0</subfield>
   <subfield code="6">339_000000000000000_K312T</subfield>
   <subfield code="7">0</subfield>
   <subfield code="9">14032</subfield>
   <subfield code="a">000001</subfield>
   <subfield code="b">000001</subfield>
   <subfield code="d">2018-09-20</subfield>
   <subfield code="l">4</subfield>
   <subfield code="o">339 K312T</subfield>
   <subfield code="p">MD.13378</subfield>
   <subfield code="r">2021-03-16</subfield>
   <subfield code="s">2021-03-09</subfield>
   <subfield code="v">30000.00</subfield>
   <subfield code="w">2018-09-20</subfield>
   <subfield code="y">BK</subfield>
  </datafield>
  <datafield tag="952" ind1=" " ind2=" ">
   <subfield code="0">0</subfield>
   <subfield code="1">0</subfield>
   <subfield code="2">ddc</subfield>
   <subfield code="4">0</subfield>
   <subfield code="6">339_000000000000000_K312T</subfield>
   <subfield code="7">0</subfield>
   <subfield code="9">14033</subfield>
   <subfield code="a">000001</subfield>
   <subfield code="b">000001</subfield>
   <subfield code="d">2018-09-20</subfield>
   <subfield code="l">1</subfield>
   <subfield code="o">339 K312T</subfield>
   <subfield code="p">MD.13379</subfield>
   <subfield code="r">2020-10-02</subfield>
   <subfield code="s">2020-09-24</subfield>
   <subfield code="v">30000.00</subfield>
   <subfield code="w">2018-09-20</subfield>
   <subfield code="y">BK</subfield>
  </datafield>
  <datafield tag="952" ind1=" " ind2=" ">
   <subfield code="0">0</subfield>
   <subfield code="1">0</subfield>
   <subfield code="2">ddc</subfield>
   <subfield code="4">0</subfield>
   <subfield code="6">339_000000000000000_K312T</subfield>
   <subfield code="7">0</subfield>
   <subfield code="9">14034</subfield>
   <subfield code="a">000001</subfield>
   <subfield code="b">000001</subfield>
   <subfield code="d">2018-09-20</subfield>
   <subfield code="l">2</subfield>
   <subfield code="o">339 K312T</subfield>
   <subfield code="p">MD.13380</subfield>
   <subfield code="r">2021-01-28</subfield>
   <subfield code="s">2021-01-20</subfield>
   <subfield code="v">30000.00</subfield>
   <subfield code="w">2018-09-20</subfield>
   <subfield code="y">BK</subfield>
  </datafield>
  <datafield tag="952" ind1=" " ind2=" ">
   <subfield code="0">0</subfield>
   <subfield code="1">0</subfield>
   <subfield code="2">ddc</subfield>
   <subfield code="4">0</subfield>
   <subfield code="6">339_000000000000000_K312T</subfield>
   <subfield code="7">0</subfield>
   <subfield code="9">14035</subfield>
   <subfield code="a">000001</subfield>
   <subfield code="b">000001</subfield>
   <subfield code="d">2018-09-20</subfield>
   <subfield code="l">3</subfield>
   <subfield code="o">339 K312T</subfield>
   <subfield code="p">MD.13381</subfield>
   <subfield code="r">2020-11-10</subfield>
   <subfield code="s">2020-10-28</subfield>
   <subfield code="v">30000.00</subfield>
   <subfield code="w">2018-09-20</subfield>
   <subfield code="y">BK</subfield>
  </datafield>
  <datafield tag="952" ind1=" " ind2=" ">
   <subfield code="0">0</subfield>
   <subfield code="1">0</subfield>
   <subfield code="2">ddc</subfield>
   <subfield code="4">0</subfield>
   <subfield code="6">339_000000000000000_K312T</subfield>
   <subfield code="7">0</subfield>
   <subfield code="9">14036</subfield>
   <subfield code="a">000001</subfield>
   <subfield code="b">000001</subfield>
   <subfield code="d">2018-09-20</subfield>
   <subfield code="l">1</subfield>
   <subfield code="o">339 K312T</subfield>
   <subfield code="p">MD.13382</subfield>
   <subfield code="r">2020-12-02</subfield>
   <subfield code="s">2020-11-20</subfield>
   <subfield code="v">30000.00</subfield>
   <subfield code="w">2018-09-20</subfield>
   <subfield code="y">BK</subfield>
  </datafield>
  <datafield tag="952" ind1=" " ind2=" ">
   <subfield code="0">0</subfield>
   <subfield code="1">0</subfield>
   <subfield code="2">ddc</subfield>
   <subfield code="4">0</subfield>
   <subfield code="6">339_000000000000000_K312T</subfield>
   <subfield code="7">0</subfield>
   <subfield code="9">21425</subfield>
   <subfield code="a">000001</subfield>
   <subfield code="b">000001</subfield>
   <subfield code="d">2021-06-24</subfield>
   <subfield code="o">339 K312T</subfield>
   <subfield code="p">MD.18722</subfield>
   <subfield code="r">2021-06-24</subfield>
   <subfield code="v">30000.00</subfield>
   <subfield code="w">2021-06-24</subfield>
   <subfield code="y">BK</subfield>
  </datafield>
  <datafield tag="952" ind1=" " ind2=" ">
   <subfield code="0">0</subfield>
   <subfield code="1">0</subfield>
   <subfield code="2">ddc</subfield>
   <subfield code="4">0</subfield>
   <subfield code="6">339_000000000000000_K312T</subfield>
   <subfield code="7">0</subfield>
   <subfield code="9">21426</subfield>
   <subfield code="a">000001</subfield>
   <subfield code="b">000001</subfield>
   <subfield code="d">2021-06-24</subfield>
   <subfield code="o">339 K312T</subfield>
   <subfield code="p">MD.18723</subfield>
   <subfield code="r">2021-06-24</subfield>
   <subfield code="v">30000.00</subfield>
   <subfield code="w">2021-06-24</subfield>
   <subfield code="y">BK</subfield>
  </datafield>
  <datafield tag="952" ind1=" " ind2=" ">
   <subfield code="0">0</subfield>
   <subfield code="1">0</subfield>
   <subfield code="2">ddc</subfield>
   <subfield code="4">0</subfield>
   <subfield code="6">339_000000000000000_K312T</subfield>
   <subfield code="7">0</subfield>
   <subfield code="9">21427</subfield>
   <subfield code="a">000001</subfield>
   <subfield code="b">000001</subfield>
   <subfield code="d">2021-06-24</subfield>
   <subfield code="o">339 K312T</subfield>
   <subfield code="p">MD.18724</subfield>
   <subfield code="r">2021-06-24</subfield>
   <subfield code="v">30000.00</subfield>
   <subfield code="w">2021-06-24</subfield>
   <subfield code="y">BK</subfield>
  </datafield>
  <datafield tag="952" ind1=" " ind2=" ">
   <subfield code="0">0</subfield>
   <subfield code="1">0</subfield>
   <subfield code="2">ddc</subfield>
   <subfield code="4">0</subfield>
   <subfield code="6">339_000000000000000_K312T</subfield>
   <subfield code="7">0</subfield>
   <subfield code="9">21428</subfield>
   <subfield code="a">000001</subfield>
   <subfield code="b">000001</subfield>
   <subfield code="d">2021-06-24</subfield>
   <subfield code="o">339 K312T</subfield>
   <subfield code="p">MD.18725</subfield>
   <subfield code="r">2021-06-24</subfield>
   <subfield code="v">30000.00</subfield>
   <subfield code="w">2021-06-24</subfield>
   <subfield code="y">BK</subfield>
  </datafield>
  <datafield tag="952" ind1=" " ind2=" ">
   <subfield code="0">0</subfield>
   <subfield code="1">0</subfield>
   <subfield code="2">ddc</subfield>
   <subfield code="4">0</subfield>
   <subfield code="6">339_000000000000000_K312T</subfield>
   <subfield code="7">0</subfield>
   <subfield code="9">21429</subfield>
   <subfield code="a">000001</subfield>
   <subfield code="b">000001</subfield>
   <subfield code="d">2021-06-24</subfield>
   <subfield code="o">339 K312T</subfield>
   <subfield code="p">MD.18726</subfield>
   <subfield code="r">2021-06-24</subfield>
   <subfield code="v">30000.00</subfield>
   <subfield code="w">2021-06-24</subfield>
   <subfield code="y">BK</subfield>
  </datafield>
  <datafield tag="952" ind1=" " ind2=" ">
   <subfield code="0">0</subfield>
   <subfield code="1">0</subfield>
   <subfield code="2">ddc</subfield>
   <subfield code="4">0</subfield>
   <subfield code="6">339_000000000000000_K312T</subfield>
   <subfield code="7">0</subfield>
   <subfield code="9">21430</subfield>
   <subfield code="a">000001</subfield>
   <subfield code="b">000001</subfield>
   <subfield code="d">2021-06-24</subfield>
   <subfield code="o">339 K312T</subfield>
   <subfield code="p">MD.18727</subfield>
   <subfield code="r">2021-06-24</subfield>
   <subfield code="v">30000.00</subfield>
   <subfield code="w">2021-06-24</subfield>
   <subfield code="y">BK</subfield>
  </datafield>
  <datafield tag="952" ind1=" " ind2=" ">
   <subfield code="0">0</subfield>
   <subfield code="1">0</subfield>
   <subfield code="2">ddc</subfield>
   <subfield code="4">0</subfield>
   <subfield code="6">339_000000000000000_K312T</subfield>
   <subfield code="7">0</subfield>
   <subfield code="9">21431</subfield>
   <subfield code="a">000001</subfield>
   <subfield code="b">000001</subfield>
   <subfield code="d">2021-06-24</subfield>
   <subfield code="o">339 K312T</subfield>
   <subfield code="p">MD.18728</subfield>
   <subfield code="r">2021-06-24</subfield>
   <subfield code="v">30000.00</subfield>
   <subfield code="w">2021-06-24</subfield>
   <subfield code="y">BK</subfield>
  </datafield>
  <datafield tag="952" ind1=" " ind2=" ">
   <subfield code="0">0</subfield>
   <subfield code="1">0</subfield>
   <subfield code="2">ddc</subfield>
   <subfield code="4">0</subfield>
   <subfield code="6">339_000000000000000_K312T</subfield>
   <subfield code="7">0</subfield>
   <subfield code="9">21432</subfield>
   <subfield code="a">000001</subfield>
   <subfield code="b">000001</subfield>
   <subfield code="d">2021-06-24</subfield>
   <subfield code="o">339 K312T</subfield>
   <subfield code="p">MD.18729</subfield>
   <subfield code="r">2021-06-24</subfield>
   <subfield code="v">30000.00</subfield>
   <subfield code="w">2021-06-24</subfield>
   <subfield code="y">BK</subfield>
  </datafield>
  <datafield tag="952" ind1=" " ind2=" ">
   <subfield code="0">0</subfield>
   <subfield code="1">0</subfield>
   <subfield code="2">ddc</subfield>
   <subfield code="4">0</subfield>
   <subfield code="6">339_000000000000000_K312T</subfield>
   <subfield code="7">0</subfield>
   <subfield code="9">21433</subfield>
   <subfield code="a">000001</subfield>
   <subfield code="b">000001</subfield>
   <subfield code="d">2021-06-24</subfield>
   <subfield code="o">339 K312T</subfield>
   <subfield code="p">MD.18730</subfield>
   <subfield code="r">2021-06-24</subfield>
   <subfield code="v">30000.00</subfield>
   <subfield code="w">2021-06-24</subfield>
   <subfield code="y">BK</subfield>
  </datafield>
  <datafield tag="952" ind1=" " ind2=" ">
   <subfield code="0">0</subfield>
   <subfield code="1">0</subfield>
   <subfield code="2">ddc</subfield>
   <subfield code="4">0</subfield>
   <subfield code="6">339_000000000000000_K312T</subfield>
   <subfield code="7">0</subfield>
   <subfield code="9">21434</subfield>
   <subfield code="a">000001</subfield>
   <subfield code="b">000001</subfield>
   <subfield code="d">2021-06-24</subfield>
   <subfield code="o">339 K312T</subfield>
   <subfield code="p">MD.18731</subfield>
   <subfield code="r">2021-06-24</subfield>
   <subfield code="v">30000.00</subfield>
   <subfield code="w">2021-06-24</subfield>
   <subfield code="y">BK</subfield>
  </datafield>
  <datafield tag="980" ind1=" " ind2=" ">
   <subfield code="a">Thư viện Trường Đại học Nam Cần Thơ</subfield>
  </datafield>
 </record>
</collection>
